| 000 | 00742nam a22001937a 4500 | ||
|---|---|---|---|
| 005 | 20230920170808.0 | ||
| 010 | _aENG-137429 | ||
| 020 |
_a9789380831053 _c199.00 |
||
| 035 | _aEN-120961 | ||
| 037 | _bDBAD/PUB | ||
| 082 | _a658.3125 | ||
| 100 |
_aRao, T.P. Surya Chandra _957191 |
||
| 245 |
_aPerformance Management/ _cBy T.P. Surya Chandra Rao and edited by Adusumili santoshi roopa |
||
| 260 |
_aHyderabad _bStudentshelpline Publishing House Pvt.Ltd _c2011 |
||
| 270 |
_a326/C, Surneni Nilayam, Near B K Guda Park, S.R. nagar _bHyderabad _e500038 _k9440575657, 32494570 _mStudentshelpline.in@gmail.com |
||
| 300 |
_a294pg. _c24cm(pb) |
||
| 700 |
_aRoopa, Adusumili santoshi _957192 |
||
| 942 |
_2ddc _cHN _h658.3125 _mRAO |
||
| 999 |
_c196842 _d196842 |
||